000 00632cam a22002293a 4500
001 14605
003 PGUSA
005 20140828083319.0
008 050105s2005||||xxu|||||s|||||000 1 eng d
040 _aPGUSA
_beng
042 _adc
050 4 _aPR
100 1 _aMaxwell, W. B.
_q(William Babington),
_d1866-1938
245 1 4 _aThe Devil's Garden
_h[electronic resource] /
_cW. B. Maxwell
260 _bProject Gutenberg,
_c2005
506 _aPublic domain in the USA.
516 _aElectronic text
653 _aFiction
830 0 _aProject Gutenberg
_v14605
856 4 0 _uhttp://www.gutenberg.org/ebooks/14605
942 _cEB
999 _c243860
_d243860